书目信息 |
| 书名: | Communication theories | |
| 作者: | Werner J. Severin, James W. Tankard, Jr | |
| 分册号: | ||
| 分册名: | 出版地: | New York : |
|
| 出版社: | Longman | |
| 出版时间: | c1997. | |
| 页数: | xiv, 424 p. : | |
| 开本: | 24 cm. | |
| 丛书名: | ||
| 中图分类号: | ||
| 科图分类号: | ||
| 其他分类号: | C912.3 | |
| 主题词: | ||
| 电子资源: | ||
| 000 | 01048nam 2200301 a 4500 | |
| 001 | E0732223438 | |
| 003 | OCoLC | |
| 005 | 20070423085854.17 | |
| 008 | 001 0 eng | |
| 008 | uu | |
| 010 | @a96009609 | |
| 020 | @a0801317037. | |
| 040 | @aDLC @cDLC | |
| 049 | @aN5LA | |
| 050 | 00 | @aP90 @b.S4414 1997 |
| 082 | 00 | @a302.23 @220 |
| 090 | @aC912.3 | |
| 099 | @dC912.3@ex56=4 | |
| 100 | 1 | @aSeverin, Werner J. @q(Werner Joseph) |
| 245 | 10 | @aCommunication theories :@borigins, methods, and uses in the mass media / @cWerner J. Severin, James W. Tankard, Jr |
| 250 | @a4th ed. | |
| 260 | @aNew York :@bLongman,@cc1997. | |
| 300 | @axiv, 424 p. :@bill. ;@c24 cm. | |
| 504 | @aIncludes bibliographical references and index. | |
| 650 | 0 | @aCommunication. |
| 650 | 0 | @aMass media. |
| 700 | 1 | @aTankard, James W. @cJr., @ejt. auth. @b00 @c20020930 @lNLC09 @h2254 @b00 @c20021020 @lNLC09 @h2225 @b00 @c20021205 @lNLC09 @h1816 @lNLC09 @h0029 @lNLC09 @h2024 @b00 @c20030601 @lNLC09 @h1811 |
| 852 | 9 | @bWWJC @k2-99 @hG2 @iS49/1997 |
| Communication theories : : origins, methods, and uses in the mass media / / Werner J. Severin, James W. Tankard, Jr.-4th ed.-New York : : Longman, , c1997. |
| xiv, 424 p. : : ill. ; ; 24 cm. |
| Includes bibliographical references and index. |
| ISBN 0801317037. |
| ● |
| 相关链接 |
|
|
|
|
正题名:Communication theories
索取号:C912.3/x56=4
 
预约/预借
| 序号 | 登录号 | 条形码 | 馆藏地/架位号 | 状态 | 备注 |
| 1 | 4636 | 300046368 | 第二样本阅览室/ [索取号:C912.3/x56=4] | 在馆 | |
| 2 | 4637 | 300046377 | 第四借阅区/ [索取号:C912.3/x56=4] | 在馆 | |
| 3 | 4638 | 300046386 | 第四借阅区/ [索取号:C912.3/x56=4] | 在馆 | |
| 4 | 4639 | 300046395 | 密集书库/ [索取号:C912.3/x56=4] | 在馆 | |
| 5 | 4640 | 300046402 | 密集书库/ [索取号:C912.3/x56=4] | 在馆 |